All Belgian Wars - Statistics

General Stats
  • This quiz has been taken 34 times
  • The average score is 8 of 22
Answer Stats
Years War % Correct
1960-1966 Congo Crisis
97%
1939-1945 WW2
97%
1914-1918 WW1
94%
1950-1953 Korean War
63%
2001-2021 War in Afghanistan
59%
1990-1991 Gulf War
50%
2011 Intervention in Libya
47%
1998-1999 Kosovo War
41%
2014-Present Syrian Civil War
41%
1830-1831 Belgian Revolution
34%
1789-1790 Brabant Revolution
25%
1992-1995 Somali Civil War
25%
1959-1962 Rwandan Revolution
19%
1832-1834 Liberal Wars
16%
1861-1867 French Intervention in Mexico
13%
1905-1917 Kasongo-Nyembo Rebellion
13%
1881-1899 Mahdist War
13%
1831 10 Days Campaign
9%
1895-1908 Batetela Rebellions
9%
1892-1894 Belgo-Arab War
9%
1895 Luba Rebellion
9%
1891-1892 Stairs Expedition
9%
No matching quizzes found
Score Distribution
Percent of People with Each Score
Percentile by Number Answered
Your Score History
You have not taken this quiz